[Event "Foment Martinenc op-C 16th"]
[Site "Barcelona"]
[Date "2014.05.24"]
[Round "5"]
[White "Vila Pamies, Lluc"]
[Black "Egea Pascual, Marti"]
[Result "1-0"]
[WhiteElo "1742"]
[BlackElo "1700"]
[PlyCount "91"]
[EventDate "2014.04.26"]
[EventType "swiss"]
[EventRounds "9"]
[EventCountry "ESP"]
[SourceTitle "EXT 2015"]
[Source "ChessBase"]
[SourceDate "2014.11.20"]
[SourceVersion "1"]
[SourceVersionDate "2014.11.20"]
[SourceQuality "1"]

1. e4 c5 2. Bc4 e6 3. Qe2 d5 4. exd5 Qa5 5. Nf3 Bd6 6. 0-0 Ne7 7. d3 exd5 8. Bxd5 0-0 9. Bd2 Nxd5 10. Bxa5 Nc6 11. Nc3 Nde7 12. Ne4 Bf4 13. Bd2 Bc7 14. Nxc5 Bd6 15. b4 Nd5 16. Qe4 Ndxb4 17. Bxb4 f5 18. Qe6+ Bxe6 19. Nxe6 Rfe8 20. Bxd6 Rxe6 21. Be5 Nxe5 22. Nxe5 Rxe5 23. Rfe1 Rc5 24. c4 Rd8 25. Rad1 Kf7 26. f3 Ra5 27. g4 fxg4 28. fxg4 Rxa2 29. Rf1+ Kg6 30. h4 h5 31. g5 a5 32. d4 Rc8 33. c5 Rc6 34. Ra1 Rd2 35. Rf4 Ra6 36. Rb1 Re6 37. Kf1 Rh2 38. d5 Re8 39. Rxb7 a4 40. Ra7 Ra2 41. d6 Rd8 42. Ra6 Re8 43. d7+ Kh7 44. dxe8Q a3 45. Qxh5+ Kg8 46. Ra8# 1-0